| 000 | 00670 a2200241 4500 | ||
|---|---|---|---|
| 001 | 75446 | ||
| 005 | 20260205114048.0 | ||
| 010 | _a978-989-724-670-8 | ||
| 021 |
_aPT _b511876/23 |
||
| 090 | _a75446 | ||
| 100 | _a20260205d2023 d||y0pory50 ba | ||
| 101 | _cpor | ||
| 102 | _aPT | ||
| 200 |
_aO que ǒ Amor? _fJos J̌orge Letria _gilust. Catarina Franȧ |
||
| 205 | _a4® ed. | ||
| 210 |
_aLisboa _cClube do Autor _d2023 |
||
| 215 |
_a[36] p. _cil. |
||
| 225 | _aJos J̌orge Letria | ||
| 606 | _aLiteratura infantojuvenil | ||
| 675 |
_a821.134.3- _vBN _zpor |
||
| 700 | 1 |
_aLetria _bJos J̌orge _f1951- _4070 |
|
| 702 |
_aFranȧ _bCatarina _4440 _920571 |
||
| 942 |
_cMON _n0 |
||